000 00785nam a2200229Ia 4500
005 20250108124916.0
008 008 250107s9999 xx 000 0 pun d
020 _a978-93-5002-597-0
037 _aTB
040 _aCRL
_bpun
_cCRL
041 _apun
_2pun
084 _aO152,3x 168P9
084 _qCRL
100 _aਰੰਜਨ, ਆਤਮਾ ਰਾਮ, ਲੇਖਕ
_9160765
245 0 _aਸਰਦਲਾਂ ਤੋਂ ਪਾਰ
_cਰੰਜਨ, ਆਤਮਾ ਰਾਮ, ਲੇਖਕ
260 _aਚੰਡੀਗੜ੍ਹ, ਭਾਰਤ
_bਸਪਤਰਿਸ਼ੀ ਪਬਲੀਕੇਸ਼ਨ
_c2628
300 _a104ਪ੍ਰ0
365 _aINR
_b250
650 _aਪੰਜਾਬੀ ਸਾਹਿਤ
942 _cTB
_hO152,3x 168P9
999 _c1235016
_d1235016